GEAR DESIGN AND APPLICATION (Record no. 584208)
[ view plain ]
| 000 -LEADER | |
|---|---|
| fixed length control field | 00252nam a22001097a 4500 |
| 082 ## - DEWEY DECIMAL CLASSIFICATION NUMBER | |
| Classification number | 621.833 GEA'C |
| 100 ## - MAIN ENTRY--PERSONAL NAME | |
| Personal name | CHIRONIS, N. P |
| 9 (RLIN) | 79144 |
| 245 ## - TITLE STATEMENT | |
| Title | GEAR DESIGN AND APPLICATION |
| 260 ## - PUBLICATION, DISTRIBUTION, ETC. | |
| Place of publication, distribution, etc. | NEWYORK |
| Name of publisher, distributor, etc. | MCGRAW HILL |
| Date of publication, distribution, etc. | 1967 |
| 300 ## - PHYSICAL DESCRIPTION | |
| Extent | 375P |
| 942 ## - ADDED ENTRY ELEMENTS (KOHA) | |
| Koha item type | Book |
| Withdrawn status | Lost status | Damaged status | Not for loan | Permanent Location | Current Location | Shelving location | Date acquired | Total Checkouts | Full call number | Barcode | Date last seen | Price effective from | Koha item type |
|---|---|---|---|---|---|---|---|---|---|---|---|---|---|
| College of Electrical & Mechanical Engineering (CEME) | College of Electrical & Mechanical Engineering (CEME) | General Stacks | 07/03/2017 | 1 | 621.833 GEA'C | CEME-7032 | 06/28/2021 | 06/28/2021 | Book |
